000 00506nam a2200181Ia 4500
001 20335
005 20260306172758.0
008 260306t2003||||xx |||||||||||||| ||spa||
041 _aESP
082 _a343.2
_bD71
100 _aDíaz Revorio, F. Javier
_eAUT
245 0 _aLa interpretación constitucional de la ley:
_blas sentencias interpretativas del Tribunal Constitucional
260 _c2003
300 _a445 páginas :
_c21 cm.
650 _aGEN
654 _aCDE
942 _cLIB
_dJUS
_fJUS
_2ddc
_n
999 _c20335
_d20335